Thesis Open Access

TRACK SURVEYING AND SPEED OPTIMIZATION (CASE STUDY ADDIS ABABA – ADAMA LINE)

FAYERA MOSISA


MARC21 XML Export

<?xml version='1.0' encoding='UTF-8'?>
<record xmlns="http://www.loc.gov/MARC21/slim">
  <leader>00000nam##2200000uu#4500</leader>
  <controlfield tag="005">20241007125518.0</controlfield>
  <controlfield tag="001">2926</controlfield>
  <datafield tag="856" ind1="4" ind2=" ">
    <subfield code="s">3075048</subfield>
    <subfield code="z">md5:2f48a3fbeeb4ebd1f46f9311018e2ebc</subfield>
    <subfield code="u">https://zenodo.org/record/2926/files/f1050884640_final_thesis_2.pdf</subfield>
  </datafield>
  <datafield tag="542" ind1=" " ind2=" ">
    <subfield code="l">open</subfield>
  </datafield>
  <datafield tag="260" ind1=" " ind2=" ">
    <subfield code="c">2016-02-01</subfield>
  </datafield>
  <datafield tag="909" ind1="C" ind2="O">
    <subfield code="p">user-aau</subfield>
    <subfield code="p">user-zenodo</subfield>
    <subfield code="o">oai:zenodo.org:2926</subfield>
  </datafield>
  <datafield tag="100" ind1=" " ind2=" ">
    <subfield code="a">FAYERA MOSISA</subfield>
  </datafield>
  <datafield tag="245" ind1=" " ind2=" ">
    <subfield code="a">TRACK SURVEYING AND SPEED OPTIMIZATION (CASE STUDY ADDIS ABABA – ADAMA LINE)</subfield>
  </datafield>
  <datafield tag="980" ind1=" " ind2=" ">
    <subfield code="a">user-aau</subfield>
  </datafield>
  <datafield tag="980" ind1=" " ind2=" ">
    <subfield code="a">user-zenodo</subfield>
  </datafield>
  <datafield tag="540" ind1=" " ind2=" ">
    <subfield code="u">http://www.opendefinition.org/licenses/cc-by</subfield>
    <subfield code="a">Creative Commons Attribution</subfield>
  </datafield>
  <datafield tag="650" ind1="1" ind2="7">
    <subfield code="a">cc-by</subfield>
    <subfield code="2">opendefinition.org</subfield>
  </datafield>
  <datafield tag="520" ind1=" " ind2=" ">
    <subfield code="a">&lt;p&gt;Speed Optimization is a means of improving the geometric alignment, infrastructure and&lt;br&gt;
construction materials and structure performance during the working cycles under some manufacturing,&lt;br&gt;
operational and failure conditions as well as cost limitations.&lt;br&gt;
The new Ethiopian national railway network design speed is about 120Km/h which is too low when&lt;br&gt;
compared with some developed countries rail speed. Construction of new high speed line needs huge&lt;br&gt;
investment that may not be viable for a developing country like Ethiopia and optimization of existing line&lt;br&gt;
using different techniques is the available option. The major anticipated problems/demand behind for&lt;br&gt;
high speed for the country national rail network and Addis Ababa &amp;ndash; Adama line in particular are for that&lt;br&gt;
it is Competitive with toll road of same speed, located along the development axis area of Ethiopian&lt;br&gt;
economy, located along country&amp;rsquo;s industrial zone highly polluted by industry emission, national image&lt;br&gt;
building, attracting investor and delay of freight at sea port.&lt;br&gt;
Optimization of speed were done by enquiring and analyzing existing track geometry and track super&lt;br&gt;
structures, construction materials and other speed related parameters to identify restrictive sections and&lt;br&gt;
the maximum allowable speed of the line. Geometric analysis and design were done by Bentley Inrail&lt;br&gt;
software in the optimization process and finite element methods were used for analyzing of track&lt;br&gt;
component response under optimized speed&lt;/p&gt;</subfield>
  </datafield>
  <datafield tag="773" ind1=" " ind2=" ">
    <subfield code="n">doi</subfield>
    <subfield code="i">isVersionOf</subfield>
    <subfield code="a">10.20372/nadre:2925</subfield>
  </datafield>
  <datafield tag="024" ind1=" " ind2=" ">
    <subfield code="a">10.20372/nadre:2926</subfield>
    <subfield code="2">doi</subfield>
  </datafield>
  <datafield tag="980" ind1=" " ind2=" ">
    <subfield code="a">publication</subfield>
    <subfield code="b">thesis</subfield>
  </datafield>
</record>
0
0
views
downloads
All versions This version
Views 00
Downloads 00
Data volume 0 Bytes0 Bytes
Unique views 00
Unique downloads 00

Share

Cite as